[Event "2BLW 1920 SG Porz - SV Koblenz"]
[Site "?"]
[Date "2019.11.24"]
[Round "3.7"]
[White "Steinacker, Alex"]
[Black "Malykin, Vitaly"]
[Result "1/2-1/2"]
[WhiteElo "2293"]
[BlackElo "2347"]
[PlyCount "94"]
[EventDate "2019.??.??"]

1. g3 d5 2. Nf3 Nf6 3. Bg2 Nbd7 4. O-O e5 5. d3 Bd6 6. Nbd2 O-O 7. e4 c6 8. Re1
Re8 9. Nb3 Nf8 10. h3 Ng6 11. Qe2 h6 12. Nh2 Be6 13. Nd2 Qd7 14. h4 Bh3 15.
Ndf1 Bxg2 16. Kxg2 Qe6 17. Qf3 d4 18. h5 Ne7 19. g4 Nh7 20. Ng3 c5 21. Nf5 Nc6
22. Bd2 Be7 23. Nxe7+ Qxe7 24. Qg3 Nb4 25. Rec1 Ng5 26. Nf3 Nxf3 27. Qxf3 Rac8
28. Qf5 Qe6 29. a3 Nc6 30. b4 cxb4 31. axb4 a6 32. b5 axb5 33. Qxe6 Rxe6 34.
Rcb1 b4 35. Bxb4 Nxb4 36. Rxb4 Rxc2 37. Rxb7 Rf6 38. Rb8+ Kh7 39. Raa8 Rfxf2+
40. Kg3 Rg2+ 41. Kh3 g6 42. hxg6+ Kxg6 43. Rg8+ Kf6 44. Ra6+ Ke7 45. Ra7+ Ke6
46. Ra6+ Kd7 47. Ra7+ Ke6 {(=)} 1/2-1/2

[Event "2BLW 1920 SG Porz - SV Koblenz"]
[Site "?"]
[Date "2019.11.24"]
[Round "3.8"]
[White "Buscher, Michael"]
[Black "Bohn, Thomas"]
[Result "1/2-1/2"]
[WhiteElo "2351"]
[BlackElo "2329"]
[PlyCount "95"]
[EventDate "2019.??.??"]

1. Nf3 f5 2. d3 Nc6 3. e4 e5 4. Be2 fxe4 5. dxe4 Nf6 6. O-O Bc5 7. Bc4 d6 8. c3
Bg4 9. b4 Bb6 10. Qd3 Qd7 11. a4 a5 12. b5 Nd8 13. Nbd2 Nh5 14. Nb3 Ne6 15.
Nxe5 dxe5 16. Qxd7+ Kxd7 17. h3 Bxh3 18. gxh3 Nhf4 19. Kh2 Raf8 20. Bxe6+ Kxe6
21. f3 Rd8 22. Bxf4 exf4 23. Rfd1 Rd6 24. Rxd6+ cxd6 25. c4 Rc8 26. Rc1 Be3 27.
Rc2 b6 28. Kg2 Rf8 29. Kf1 Rf6 30. Rg2 Kf7 31. Rg4 Rh6 32. Kg2 Re6 33. Kf1 Re5
34. Ke2 h5 35. Rg2 Kf6 36. Na1 Rc5 37. Kd3 Rg5 38. Rxg5 Kxg5 39. Nc2 Bc5 40.
Nd4 Kh4 41. Ne6 Bg1 42. Nxg7 Kg3 43. Ke2 h4 44. Nh5+ Kxh3 45. Nxf4+ Kg3 46.
Nh5+ Kg2 47. Nf4+ Kg3 48. Nh5+ 1/2-1/2

[Event "2BLW 1920 Düsseldorfer SK - SC Siegbur"]
[Site "?"]
[Date "2019.11.24"]
[Round "3.1"]
[White "Andreev, Eduard"]
[Black "Alekseev, Evgeny"]
[Result "1/2-1/2"]
[WhiteElo "2431"]
[BlackElo "2623"]
[PlyCount "64"]
[EventDate "2019.??.??"]

1. e4 c5 2. Nf3 Nc6 3. Bb5 g6 4. Bxc6 dxc6 5. d3 Bg7 6. h3 Nf6 7. Nc3 Nd7 8.
Be3 e5 9. Qd2 h6 10. O-O b6 11. Nh2 Nf8 12. f4 exf4 13. Bxf4 g5 14. Bg3 Ng6 15.
Rae1 O-O 16. Qe2 Re8 17. Qf3 Re7 18. Ng4 Bxg4 19. Qxg4 c4 20. Rd1 cxd3 21. Rxd3
Qc8 22. Qf5 Ne5 23. Bxe5 Bxe5 24. Qf3 Qe6 25. b3 Bd6 26. Rfd1 Bc7 27. Qh5 Kg7
28. h4 g4 29. Ne2 Qg6 30. Qxg6+ Kxg6 31. Rd7 Rae8 32. g3 c5 1/2-1/2

[Event "2BLW 1920 Düsseldorfer SK - SC Siegbur"]
[Site "?"]
[Date "2019.11.24"]
[Round "3.2"]
[White "Berelowitsch, Alexander"]
[Black "Jackelen, Thomas"]
[Result "1/2-1/2"]
[WhiteElo "2523"]
[BlackElo "2414"]
[PlyCount "76"]
[EventDate "2019.??.??"]

1. e4 e6 2. d4 d5 3. Nd2 c5 4. exd5 Qxd5 5. Ngf3 cxd4 6. Bc4 Qd7 7. O-O Nc6 8.
Nb3 a6 9. Nbxd4 Nxd4 10. Nxd4 Qc7 11. Bb3 Bd6 12. h3 Ne7 13. Be3 O-O 14. Qe2 b5
15. Rad1 Bb7 16. Qg4 Bd5 17. Bxd5 exd5 18. Nf5 Nxf5 19. Qxf5 Bh2+ 20. Kh1 Be5
21. c3 Rad8 22. f4 Bf6 23. Rxd5 Rxd5 24. Qxd5 Rd8 25. Qe4 Qd7 26. Qf3 h6 27. a3
Qf5 28. Rd1 Re8 29. Bd4 Bxd4 30. cxd4 Re4 31. d5 Rxf4 32. Qe3 Re4 33. Qd2 Qg5
34. Qc2 Qe5 35. Qc8+ Kh7 36. Qc2 Kg8 37. Qc8+ Kh7 38. Qc2 Kg8 1/2-1/2

[Event "2BLW 1920 Düsseldorfer SK - SC Siegbur"]
[Site "?"]
[Date "2019.11.24"]
[Round "3.3"]
[White "Grinev, Valeriy"]
[Black "Orlov, Andrey"]
[Result "1/2-1/2"]
[WhiteElo "2440"]
[BlackElo "2509"]
[PlyCount "31"]
[EventDate "2019.??.??"]

1. d4 Nf6 2. c4 e6 3. Nc3 Bb4 4. e3 O-O 5. Bd2 b6 6. Bd3 Bb7 7. Nf3 c5 8. a3
Bxc3 9. Bxc3 d6 10. b4 Nbd7 11. O-O Rc8 12. dxc5 dxc5 13. Qe2 Ne4 14. Bb2 Qe7
15. Ne1 f5 16. f4 1/2-1/2

[Event "2BLW 1920 Düsseldorfer SK - SC Siegbur"]
[Site "?"]
[Date "2019.11.24"]
[Round "3.4"]
[White "Andersson, Ulf"]
[Black "Omelja, Artem"]
[Result "1/2-1/2"]
[WhiteElo "2517"]
[BlackElo "2419"]
[PlyCount "39"]
[EventDate "2019.??.??"]

1. Nf3 d5 2. d4 Nf6 3. c4 e6 4. g3 Bb4+ 5. Bd2 Be7 6. Bg2 O-O 7. O-O Nbd7 8.
Qc2 c6 9. Rd1 b6 10. cxd5 cxd5 11. Nc3 Bb7 12. Rac1 Rc8 13. Qb1 a6 14. a4 h6
15. Na2 Bd6 16. Rxc8 Qxc8 17. Rc1 Qb8 18. Bb4 Rc8 19. Rxc8+ Bxc8 20. Qc2
1/2-1/2

[Event "2BLW 1920 Düsseldorfer SK - SC Siegbur"]
[Site "?"]
[Date "2019.11.24"]
[Round "3.5"]
[White "Zavgorodniy, Sergiy"]
[Black "Stark, Lars"]
[Result "0-1"]
[WhiteElo "2431"]
[BlackElo "2370"]
[PlyCount "146"]
[EventDate "2019.??.??"]

1. c4 Nf6 2. b3 g6 3. Bb2 Bg7 4. g3 O-O 5. Bg2 c6 6. Nf3 d5 7. O-O Nbd7 8. Qc2
Re8 9. cxd5 cxd5 10. Rc1 Nb8 11. b4 Nc6 12. b5 Na5 13. d3 Bd7 14. Na3 a6 15.
Bc3 axb5 16. Qb2 Qb6 17. Ne5 Red8 18. Rab1 b4 19. Qxb4 Qxb4 20. Bxb4 Nc6 21.
Nxc6 Bxc6 22. Nc2 Rxa2 23. Nd4 e6 24. Bf3 Nd7 25. Nxc6 bxc6 26. Rxc6 Rb8 27.
Rcc1 Rb2 28. Rxb2 Bxb2 29. Rc7 Ne5 30. Bd2 Nxf3+ 31. exf3 Kg7 32. Rc2 Bd4 33.
Kf1 Kf6 34. Ke2 Rb2 35. Rxb2 Bxb2 36. Bh6 Ke7 37. Be3 Kd6 38. Kd2 Kc6 39. Kc2
Bf6 40. h3 Kb5 41. Kb3 Be7 42. f4 Bf6 43. Ba7 Bd8 44. Bd4 Bc7 45. Be3 Bd6 46.
Bd4 Bf8 47. Be3 Bg7 48. Ba7 d4 49. Bb8 Kc5 50. Ka4 Bf6 51. Be5 Bd8 52. f3 f6
53. Bb8 Bb6 54. g4 Bd8 55. h4 h5 56. g5 f5 57. Be5 Bb6 58. Bf6 Kd5 59. Be5 Bd8
60. Bb8 Be7 61. Bc7 Bd6 62. Bxd6 Kxd6 63. Kb5 Kd5 64. Kb4 e5 65. fxe5 Kxe5 66.
Kc5 Kf4 67. Kxd4 Kxf3 68. Ke5 Kg3 69. Kf6 f4 70. Kxg6 f3 71. Kh7 f2 72. g6 f1=Q
73. g7 Qxd3+ 0-1

[Event "2BLW 1920 Düsseldorfer SK - SC Siegbur"]
[Site "?"]
[Date "2019.11.24"]
[Round "3.6"]
[White "Schuh, Dirk"]
[Black "Maly, Alexey"]
[Result "1/2-1/2"]
[WhiteElo "2354"]
[BlackElo "2355"]
[PlyCount "51"]
[EventDate "2019.??.??"]

1. e4 c6 2. Nc3 d5 3. Nf3 Bg4 4. h3 Bxf3 5. Qxf3 e6 6. Be2 Nf6 7. O-O Nbd7 8.
d4 dxe4 9. Nxe4 Nxe4 10. Qxe4 Nf6 11. Qd3 Be7 12. Rd1 O-O 13. a4 a5 14. Qf3 Qb6
15. c4 Rad8 16. Be3 Qc7 17. h4 Rd7 18. h5 h6 19. Bd3 Rfd8 20. Bc2 Kf8 21. b3
Ke8 22. Rd2 Kf8 23. Rad1 Ke8 24. Re2 Kf8 25. Red2 Ke8 26. Re2 {(=)} 1/2-1/2

[Event "2BLW 1920 Düsseldorfer SK - SC Siegbur"]
[Site "?"]
[Date "2019.11.24"]
[Round "3.7"]
[White "Kolkin, Michail"]
[Black "De Gleria, Francesco"]
[Result "0-1"]
[WhiteElo "2331"]
[BlackElo "2382"]
[PlyCount "84"]
[EventDate "2019.??.??"]

1. Nf3 Nf6 2. g3 d5 3. Bg2 c6 4. O-O Bf5 5. d3 h6 6. c4 e6 7. Qb3 Qb6 8. Nc3
Qxb3 9. axb3 Bh7 10. cxd5 Nxd5 11. e4 Nb4 12. d4 Nc2 13. Ra4 Na6 14. d5 Nc5 15.
Rc4 b5 16. Nxb5 cxb5 17. Rxc2 Bxe4 18. Rc3 b4 19. Re3 Bxd5 20. Nd4 Bxg2 21.
Kxg2 Be7 22. Nc6 a5 23. Bd2 Ra6 24. Ne5 O-O 25. Nd3 Nxb3 26. Nxb4 Nxd2 27. Nxa6
Nxf1 28. Kxf1 Ra8 29. Nc7 Rc8 30. Nb5 Rb8 31. Nd4 Rxb2 32. Rc3 Bf6 33. Rc8+ Kh7
34. Nc2 a4 35. Ke1 Rxc2 36. Rxc2 a3 37. Ra2 Bb2 38. Ke2 Kg6 39. Ke3 Kf5 40. f4
Kg4 41. Kf2 Kh3 42. Kg1 h5 0-1

[Event "2BLW 1920 Düsseldorfer SK - SC Siegbur"]
[Site "?"]
[Date "2019.11.24"]
[Round "3.8"]
[White "Hainke, Guntram"]
[Black "Dzierzenga, Stefan"]
[Result "1/2-1/2"]
[WhiteElo "2336"]
[BlackElo "2189"]
[PlyCount "40"]
[EventDate "2019.??.??"]

1. Nf3 c5 2. g3 Nc6 3. Bg2 g6 4. c4 Bg7 5. Nc3 e5 6. a3 Nge7 7. O-O O-O 8. Ne1
d6 9. Nc2 Be6 10. Nd5 Rb8 11. d3 b5 12. e4 bxc4 13. dxc4 Na5 14. Qe2 Nb3 15.
Rb1 Nc6 16. Bd2 Ncd4 17. Qd3 Bxd5 18. exd5 Nxd2 19. Qxd2 Nb3 20. Qe2 f5 1/2-1/2

[Event "2BLW 1920 SC Hansa Dortmund - SC Siegbu"]
[Site "?"]
[Date "2019.12.08"]
[Round "4.2"]
[White "Klyuner, Vyacheslav"]
[Black "Arzumanian, Georgy"]
[Result "1-0"]
[WhiteElo "2433"]
[BlackElo "2481"]
[PlyCount "97"]
[EventDate "2019.??.??"]

1. e4 d6 2. d4 Nf6 3. Nc3 e5 4. dxe5 dxe5 5. Qxd8+ Kxd8 6. Bc4 Be6 7. Bxe6 fxe6
8. Be3 Bd6 9. f3 Nc6 10. O-O-O Ke7 11. Nge2 a6 12. Na4 Nd7 13. b3 b5 14. Nb2
Ba3 15. Kb1 h6 16. Rd2 Rhd8 17. Rhd1 Nc5 18. c4 Rxd2 19. Rxd2 Nb7 20. cxb5 axb5
21. Rc2 Kd7 22. Nd3 Bd6 23. Nc3 Ra5 24. Bf2 Nb4 25. Nxb4 Bxb4 26. Ne2 Bd6 27.
Nc1 Nd8 28. Nd3 Nf7 29. Nc5+ Bxc5 30. Rxc5 c6 31. Kb2 Ra8 32. Rc2 h5 33. Kc3 g5
34. Kb4 g4 35. Bb6 gxf3 36. gxf3 Ng5 37. Rd2+ Kc8 38. Rf2 Nh3 39. Rg2 Nf4 40.
Rd2 Kb7 41. Kc5 Rxa2 42. Rxa2 Nd3+ 43. Kd6 Kxb6 44. Rd2 Ne1 45. b4 Nxf3 46. Rc2
Kb7 47. Rxc6 Nxh2 48. Rc5 Ng4 49. Kxe6 1-0

[Event "2BLW 1920 SC Hansa Dortmund - SC Siegbu"]
[Site "?"]
[Date "2019.12.08"]
[Round "4.3"]
[White "Jackelen, Thomas"]
[Black "Scholz, Christian"]
[Result "1/2-1/2"]
[WhiteElo "2416"]
[BlackElo "2376"]
[PlyCount "132"]
[EventDate "2019.??.??"]

1. Nf3 Nf6 2. d4 g6 3. Bg5 Bg7 4. Nbd2 O-O 5. c3 h6 6. Bh4 d5 7. e3 Nbd7 8. Be2
Re8 9. O-O e5 10. b4 a5 11. b5 c5 12. bxc6 bxc6 13. Qa4 Ba6 14. Bxa6 Rxa6 15.
Rab1 e4 16. Ne1 Bf8 17. Nc2 Qa8 18. c4 g5 19. Bg3 Nb6 20. Qb3 dxc4 21. Nxc4 a4
22. Qc3 Nfd5 23. Nxb6 Nxc3 24. Nxa8 Rexa8 25. Rb2 c5 26. dxc5 Bxc5 27. Ra1 f6
28. Kf1 R6a7 29. f3 exf3 30. gxf3 Rd7 31. Ke1 Rad8 32. Rb8 Rxb8 33. Bxb8 Rb7
34. Kd2 Nb1+ 35. Kc1 Na3 36. Bg3 Nxc2 37. Kxc2 Bxe3 38. Kd3 Bc5 39. Rc1 Be7 40.
Rc7 Rxc7 41. Bxc7 Kf7 42. h3 Ke6 43. Kc4 Kd7 44. Ba5 Kc6 45. Kd4 Bd6 46. Ke4
Kb5 47. Bd2 Bb4 48. Bc1 Bc3 49. Ba3 Kc4 50. Bc1 Bd4 51. Bd2 Bb6 52. Be1 Bd8 53.
Bd2 Bc7 54. Be1 Be5 55. Bd2 Bd4 56. Ba5 Bc5 57. Bd8 Kb4 58. Bxf6 Ka3 59. Kd3
Kxa2 60. Kc2 Ka3 61. Bg7 h5 62. Bf6 Be3 63. Be7+ Ka2 64. Bd6 Bf4 65. Be7 Be3
66. Bd6 Bf4 1/2-1/2

[Event "2BLW 1920 SC Hansa Dortmund - SC Siegbu"]
[Site "?"]
[Date "2019.12.08"]
[Round "4.4"]
[White "Kalka, Arkadius Georg"]
[Black "Grinev, Valeriy"]
[Result "0-1"]
[WhiteElo "2343"]
[BlackElo "2441"]
[PlyCount "130"]
[EventDate "2019.??.??"]

1. c4 g6 2. g3 Bg7 3. Bg2 c5 4. Nc3 Nc6 5. Nf3 e5 6. O-O d6 7. a3 a5 8. Ne1 Be6
9. d3 Nge7 10. Nc2 d5 11. cxd5 Nxd5 12. Ne3 Nde7 13. Nc4 O-O 14. Qb3 Rb8 15.
Qb5 Nd4 16. Qxa5 b5 17. Qxd8 Rfxd8 18. Ne3 b4 19. Ne4 Nxe2+ 20. Kh1 Rbc8 21.
Bd2 Nd4 22. axb4 Nb3 23. Rad1 Nxd2 24. Rxd2 cxb4 25. Nc2 Bh6 26. f4 exf4 27.
gxf4 Nd5 28. Ng5 Bf5 29. Bxd5 Rxd5 30. Ne3 Ra5 31. Nxf5 Rxf5 32. Nh3 b3 33. d4
Rc2 34. Rxc2 bxc2 35. Rc1 Bxf4 36. Rxc2 Be3 37. b4 Bxd4 38. Rc4 Be3 39. Re4 Bb6
40. Rc4 g5 41. Rc6 Be3 42. Rc3 Bd2 43. Rc5 Rxc5 44. bxc5 Kf8 45. Kg2 h6 46. Kf3
f5 47. Nf2 Ke7 48. h4 Ke6 49. Ke2 Ba5 50. hxg5 hxg5 51. Nd1 Bb4 52. c6 Bc5 53.
Nb2 Kd6 54. Nc4+ Kxc6 55. Ne5+ Kd5 56. Nf3 g4 57. Nd2 Ke5 58. Kf1 f4 59. Kg2
Bb4 60. Nf1 Kf5 61. Kf2 Kg5 62. Kg2 f3+ 63. Kg1 Kf4 64. Kh2 Be1 65. Kh1 g3 0-1

[Event "2BLW 1920 SC Hansa Dortmund - SC Siegbu"]
[Site "?"]
[Date "2019.12.08"]
[Round "4.5"]
[White "Omelja, Artem"]
[Black "Kotter, Ralf"]
[Result "1/2-1/2"]
[WhiteElo "2442"]
[BlackElo "2330"]
[PlyCount "92"]
[EventDate "2019.??.??"]

1. Nf3 c5 2. c4 Nc6 3. Nc3 g6 4. e3 Nf6 5. d4 cxd4 6. exd4 d5 7. cxd5 Nxd5 8.
Qb3 e6 9. Bb5 Bg7 10. O-O O-O 11. Bxc6 bxc6 12. Na4 Qd6 13. a3 Ba6 14. Re1 Nb6
15. Qc2 Nxa4 16. Qxa4 Bb5 17. Qc2 Rfc8 18. Be3 a5 19. a4 Ba6 20. Ra3 Qd5 21.
Rc3 Bf8 22. Rc1 Rab8 23. h3 Bb7 24. Bf4 Ra8 25. Rc4 Bb4 26. Be5 Be7 27. Bf4 Bb4
28. Bg5 Kg7 29. Be3 Bd6 30. Qd2 Kg8 31. Bf4 Kg7 32. Qe3 f6 33. h4 Kf7 34. Bg3
Ra6 35. Qh6 Kg8 36. Qe3 Rb6 37. b3 Ba6 38. R4c3 Bb4 39. Rc4 Ba3 40. R1c2 Bf8
41. R4c3 Kf7 42. Nd2 Rb4 43. Nf3 Rb7 44. Nd2 Rb4 45. Nf3 Rb7 46. Nd2 Rb4
1/2-1/2

[Event "2BLW 1920 SC Hansa Dortmund - SC Siegbu"]
[Site "?"]
[Date "2019.12.08"]
[Round "4.6"]
[White "Schiefelbusch, Dirk"]
[Black "Zavgorodniy, Sergiy"]
[Result "0-1"]
[WhiteElo "2128"]
[BlackElo "2425"]
[PlyCount "76"]
[EventDate "2019.??.??"]

1. b4 a5 2. b5 e5 3. Bb2 d6 4. e3 Nf6 5. c4 g6 6. Nf3 Bg7 7. Be2 O-O 8. O-O Re8
9. Nc3 Nbd7 10. d4 e4 11. Nd2 Nf8 12. Rc1 h5 13. Qc2 Bf5 14. Rfd1 h4 15. b6 c6
16. d5 c5 17. Nb5 Qxb6 18. Bc3 Qd8 19. Rb1 Qe7 20. Rb3 g5 21. Rdb1 Ng6 22. Na3
Bc8 23. Rb5 a4 24. Ra5 Rxa5 25. Bxa5 h3 26. g3 Bg4 27. Bf1 Ne5 28. Qxa4 Ra8 29.
Rb6 Bd7 30. Nb5 Be8 31. Nb3 Nf3+ 32. Kh1 Ng4 33. Bxh3 Nxf2+ 34. Kg2 Nxh3 35.
Kxh3 Bd7+ 36. Kg2 Qe5 37. Qa3 Qf5 38. Nxd6 Qh3+ 0-1

[Event "2BLW 1920 SC Hansa Dortmund - SC Siegbu"]
[Site "?"]
[Date "2019.12.08"]
[Round "4.7"]
[White "Maly, Alexey"]
[Black "Linker, Walter"]
[Result "1-0"]
[WhiteElo "2355"]
[BlackElo "2068"]
[PlyCount "69"]
[EventDate "2019.??.??"]

1. d4 Nf6 2. c4 e5 3. dxe5 Ng4 4. Nf3 Bc5 5. e3 Nc6 6. b3 Ngxe5 7. Nxe5 Nxe5 8.
Bb2 d6 9. Be2 O-O 10. O-O Qh4 11. Nd2 Bg4 12. Bxg4 Nxg4 13. Nf3 Qe7 14. Qd5 c6
15. Qf5 Nh6 16. Qf4 f6 17. Rad1 Rad8 18. Nd4 Bxd4 19. Rxd4 Rfe8 20. Rfd1 Nf7
21. Ba3 c5 22. Rd5 Qc7 23. Bxc5 Qa5 24. Bd4 Qxa2 25. Rb5 b6 26. Qf5 Ne5 27. h3
Qe2 28. Ra1 Re7 29. Rd5 Rf7 30. Qe6 Nd3 31. Rxa7 Rdf8 32. Rxf7 Rxf7 33. Rxd6
Qxf2+ 34. Kh2 g6 35. Bxf6 1-0

[Event "2BLW 1920 SC Hansa Dortmund - SC Siegbu"]
[Site "?"]
[Date "2019.12.08"]
[Round "4.8"]
[White "Prueske, Wolfgang"]
[Black "Kolkin, Michail"]
[Result "0-1"]
[WhiteElo "2000"]
[BlackElo "2324"]
[PlyCount "110"]
[EventDate "2019.??.??"]

1. e4 c5 2. Nf3 Nc6 3. Bb5 e6 4. Bxc6 bxc6 5. d3 Ne7 6. O-O Ng6 7. Nc3 e5 8.
Re1 Be7 9. Ne2 d6 10. h3 Be6 11. c3 O-O 12. Ng3 Nh4 13. Nxh4 Bxh4 14. Nf5 g6
15. Nxh4 Qxh4 16. Qd2 Kg7 17. Qg5 Qxg5 18. Bxg5 f6 19. Be3 Rfb8 20. b3 a5 21.
c4 Rb7 22. Rab1 Rab8 23. Rb2 f5 24. f3 f4 25. Bf2 Kf6 26. Reb1 a4 27. Kf1 g5
28. Ke1 h5 29. Kd2 g4 30. hxg4 hxg4 31. fxg4 Bxg4 32. Kc3 a3 33. Rc2 Rh8 34.
Rcc1 Rh2 35. Rg1 Be6 36. b4 cxb4+ 37. Rxb4 Rg7 38. Bb6 Rgxg2 39. Rxg2 Rxg2 40.
Kb3 Rd2 41. Kxa3 Rxd3+ 42. Kb2 Rd2+ 43. Kc3 Rxa2 44. Bd8+ Kg6 45. Rb6 f3 46.
Bh4 Kh5 47. Be1 Re2 48. Rb1 f2 49. Bxf2 Rxf2 50. Rd1 Rf3+ 51. Kb4 c5+ 52. Kb5
Kg5 53. Rxd6 Kf6 54. Ra6 Rc3 55. Rc6 Re3 0-1

[Event "2BLW 1920 SV Koblenz - Düsseldorfer SK"]
[Site "?"]
[Date "2019.12.08"]
[Round "4.1"]
[White "Timman, Jan H"]
[Black "Schenderowitsch, Michael"]
[Result "1/2-1/2"]
[WhiteElo "2533"]
[BlackElo "2332"]
[PlyCount "126"]
[EventDate "2019.??.??"]

1. Nf3 Nf6 2. g3 d5 3. Bg2 c6 4. c4 Bf5 5. Qb3 Qb6 6. d3 e6 7. Be3 Qxb3 8. axb3
a6 9. Nh4 Bg4 10. h3 Bh5 11. g4 Bg6 12. Nc3 Be7 13. f4 Nfd7 14. Nf3 O-O 15.
cxd5 cxd5 16. f5 exf5 17. Nxd5 Bd6 18. gxf5 Bxf5 19. Nd4 Be6 20. Nf4 Bxf4 21.
Bxf4 Nc6 22. Nxc6 bxc6 23. Bxc6 Rac8 24. Rxa6 Nb8 25. Bxb8 Rxb8 26. Kd2 Rxb3
27. Rb1 Rfb8 28. Ra8 Rxa8 29. Bxa8 Kf8 30. Bg2 f5 31. Kc2 Ke7 32. Ra1 Rb4 33.
Ra7+ Kf6 34. Ra6 Ke7 35. e4 fxe4 36. Bxe4 Bxh3 37. Bxh7 Be6 38. Bg6 Kf6 39. Be4
Ke7 40. Ra5 Kf6 41. Ra6 Ke7 42. Ra3 Rb8 43. d4 Rb4 44. Kc3 Rc4+ 45. Kd3 Rb4 46.
Ra7+ Kd6 47. Rb7 Rxb7 48. Bxb7 Bb3 49. Kc3 Bd1 50. b4 Be2 51. Kd2 Bc4 52. Ke3
g5 53. Bg2 Bb5 54. Bf3 Bc4 55. Be2 Bd5 56. Bd3 Bf7 57. Bf1 Bd5 58. Be2 Bf7 59.
b5 Be8 60. b6 Bc6 61. Bc4 Bb7 62. Bb5 Kd5 63. Be8 Kd6 1/2-1/2

[Event "2BLW 1920 SV Koblenz - Düsseldorfer SK"]
[Site "?"]
[Date "2019.12.08"]
[Round "4.2"]
[White "Fritsche, Lutz"]
[Black "Berelowitsch, Alexander"]
[Result "1-0"]
[WhiteElo "2321"]
[BlackElo "2523"]
[PlyCount "59"]
[EventDate "2019.??.??"]

1. e4 e6 2. d4 d5 3. Nc3 Bb4 4. Nge2 dxe4 5. a3 Be7 6. Nxe4 Nf6 7. N2c3 Nc6 8.
Be3 Nxe4 9. Nxe4 O-O 10. Qd2 b6 11. h4 e5 12. d5 Nd4 13. Bc4 Bf5 14. Bxd4 exd4
15. Ng3 Bd7 16. O-O-O c5 17. dxc6 Bxc6 18. Nf5 Bf6 19. Qf4 Rc8 20. Bb3 Qc7 21.
Rxd4 g6 22. Nh6+ Kg7 23. Rd6 Be7 24. Nxf7 Bxd6 25. Qd4+ Be5 26. Nxe5 Rf6 27. h5
Qd6 28. h6+ Kf8 29. Qc4 Bd5 30. Qxc8+ 1-0

[Event "2BLW 1920 SV Koblenz - Düsseldorfer SK"]
[Site "?"]
[Date "2019.12.08"]
[Round "4.3"]
[White "Orlov, Andrey"]
[Black "Hammes, Michael"]
[Result "1-0"]
[WhiteElo "2506"]
[BlackElo "2345"]
[PlyCount "69"]
[EventDate "2019.??.??"]

1. e4 e6 2. d4 d5 3. Nc3 Bb4 4. exd5 exd5 5. Bd3 Nc6 6. Nge2 Nge7 7. O-O Bf5 8.
Ng3 Bxd3 9. Qxd3 Qd7 10. Nce2 h5 11. c3 Bd6 12. Re1 O-O-O 13. Bf4 g6 14. Bxd6
Qxd6 15. Qf3 h4 16. Nf1 Nf5 17. Nf4 Rd7 18. Ne3 Nxe3 19. Rxe3 Ne7 20. Rae1 c6
21. Nd3 Nf5 22. R3e2 b6 23. a4 a5 24. Qg4 Kb7 25. b4 Ra8 26. Rb2 Kc7 27. Reb1
axb4 28. Rxb4 Ra6 29. Qe2 Re7 30. Qb2 c5 31. dxc5 bxc5 32. Rb7+ Kd8 33. Rb8+
Kd7 34. Qb7+ Ke6 35. Qxa6 1-0

[Event "2BLW 1920 SV Koblenz - Düsseldorfer SK"]
[Site "?"]
[Date "2019.12.08"]
[Round "4.4"]
[White "Doncevic, Dario"]
[Black "Miedema, David"]
[Result "0-1"]
[WhiteElo "2231"]
[BlackElo "2361"]
[PlyCount "48"]
[EventDate "2019.??.??"]

1. g3 d5 2. Bg2 c5 3. Nf3 Nf6 4. O-O e6 5. c4 d4 6. e3 Nc6 7. d3 Bd6 8. exd4
cxd4 9. Re1 h6 10. a3 a5 11. Nbd2 O-O 12. Qc2 Nd7 13. Ne4 Be7 14. c5 b6 15.
cxb6 Bb7 16. Ned2 Rc8 17. Nc4 Nxb6 18. b3 Nd5 19. Bb2 Bf6 20. Qd2 Ba6 21. Re4
Nc3 22. Bxc3 dxc3 23. Qc2 Qd5 24. Rd1 Rfd8 0-1

[Event "2BLW 1920 SV Koblenz - Düsseldorfer SK"]
[Site "?"]
[Date "2019.12.08"]
[Round "4.5"]
[White "Stark, Lars"]
[Black "Repplinger, Marc"]
[Result "1-0"]
[WhiteElo "2376"]
[BlackElo "2220"]
[PlyCount "95"]
[EventDate "2019.??.??"]

1. c4 e6 2. g3 d5 3. Bg2 c5 4. cxd5 exd5 5. d4 Nc6 6. Nf3 Nf6 7. O-O Be7 8.
dxc5 Bxc5 9. a3 O-O 10. b4 Bb6 11. Nc3 Re8 12. Bg5 d4 13. Na4 Ne5 14. Nxe5 Rxe5
15. Nxb6 axb6 16. Bxf6 Qxf6 17. Qxd4 Rxe2 18. Qxf6 gxf6 19. Rfd1 Kf8 20. Bf3
Re7 21. Rd8+ Re8 22. Rxe8+ Kxe8 23. h4 Ra7 24. Rc1 Bd7 25. Rc3 Ke7 26. Bd5 h6
27. Kf1 b5 28. Ke2 b6 29. Be4 Kd6 30. Kf3 Be6 31. Bd3 Bd7 32. Kf4 Ra8 33. Bf5
Be6 34. Be4 Ra6 35. Bd3 Bd7 36. Bf5 Be6 37. Rd3+ Ke7 38. Kg4 h5+ 39. Kf4 Ra7
40. Rc3 Kd6 41. Bd3 Bc4 42. Bxc4 bxc4 43. Rxc4 Rxa3 44. Kf5 Ra2 45. f3 Rf2 46.
Rf4 Ke7 47. g4 Kf8 48. gxh5 1-0

[Event "2BLW 1920 SV Koblenz - Düsseldorfer SK"]
[Site "?"]
[Date "2019.12.08"]
[Round "4.6"]
[White "Stewart, Neil"]
[Black "Kohlweyer, Bernd"]
[Result "1/2-1/2"]
[WhiteElo "2226"]
[BlackElo "2325"]
[PlyCount "130"]
[EventDate "2019.??.??"]

1. d4 Nf6 2. c4 e6 3. Nc3 Bb4 4. Qc2 d6 5. Nf3 Nbd7 6. Bd2 e5 7. a3 Bxc3 8.
Bxc3 Qe7 9. e3 O-O 10. Be2 a5 11. b3 b6 12. O-O Bb7 13. d5 b5 14. e4 bxc4 15.
Bxc4 c6 16. dxc6 Bxc6 17. Rfe1 Nc5 18. Nd2 Rfc8 19. f3 Nfd7 20. b4 Na4 21. bxa5
Nxc3 22. Qxc3 d5 23. exd5 Bxd5 24. Qd3 Rxa5 25. Rac1 Rac5 26. Rc3 Nb6 27. Rec1
Bxc4 28. Nxc4 Nxc4 29. Rxc4 Rxc4 30. Rxc4 Rxc4 31. Qxc4 Qxa3 32. Qc8+ Qf8 33.
Qf5 Qc5+ 34. Kf1 g6 35. Qf6 Qe3 36. h3 h6 37. Qe7 Kg7 38. Qb7 h5 39. Qe7 Qd4
40. h4 Qe3 41. Qe8 Qc5 42. Ke2 Qc4+ 43. Ke3 Qd4+ 44. Ke2 Kf6 45. Kf1 Qa7 46.
Qd8+ Kf5 47. Qd5 Qa1+ 48. Ke2 Qb2+ 49. Kf1 Kf6 50. Qd6+ Kg7 51. Qe7 Qc1+ 52.
Kf2 Qf4 53. Kg1 Qf6 54. Qe8 g5 55. hxg5 Qxg5 56. Kf1 h4 57. Qc8 Qf4 58. Kg1 Qg3
59. Qe8 f6 60. Kh1 Qg6 61. Qd7+ Kh6 62. Qc8 Kh5 63. Kh2 Kh6 64. Qh8+ Kg5 65.
Qc8 Kh6 1/2-1/2

[Event "2BLW 1920 SV Koblenz - Düsseldorfer SK"]
[Site "?"]
[Date "2019.12.08"]
[Round "4.7"]
[White "Coenen, Michael"]
[Black "Steinacker, Alex"]
[Result "1-0"]
[WhiteElo "2355"]
[BlackElo "2295"]
[PlyCount "71"]
[EventDate "2019.??.??"]

1. d4 g6 2. g3 Bg7 3. Bg2 Nf6 4. Nf3 O-O 5. O-O d6 6. Nc3 Nbd7 7. d5 e5 8. dxe6
fxe6 9. a4 a5 10. Nd4 Nc5 11. b3 Qe7 12. h3 c6 13. e4 e5 14. Nde2 Be6 15. Ba3
Bh6 16. Nc1 Rf7 17. Nd3 Nfd7 18. Nb2 Raf8 19. Qe2 Nb6 20. Rad1 Rd8 21. Nb1 Bc8
22. Qe1 Ne6 23. Qxa5 Ng5 24. Qxb6 Bxh3 25. Nc4 Bxg2 26. Kxg2 Qd7 27. Rh1 Rdf8
28. Rdf1 Qg4 29. Nbd2 Nxe4 30. Nxe4 Qxe4+ 31. Kg1 c5 32. Nxd6 Qf3 33. Nxf7 Be3
34. Rh3 Rxf7 35. Bxc5 Qg4 36. Bxe3 1-0

[Event "2BLW 1920 SV Koblenz - Düsseldorfer SK"]
[Site "?"]
[Date "2019.12.08"]
[Round "4.8"]
[White "Bohn, Thomas"]
[Black "Hainke, Guntram"]
[Result "1/2-1/2"]
[WhiteElo "2329"]
[BlackElo "2332"]
[PlyCount "39"]
[EventDate "2019.??.??"]

1. f4 d5 2. Nf3 Nf6 3. e3 g6 4. Be2 Bg7 5. O-O O-O 6. d3 c5 7. Qe1 Nc6 8. a4 b6
9. Na3 Bb7 10. c3 Re8 11. Ne5 e6 12. Bf3 Nd7 13. Nxd7 Qxd7 14. e4 Na5 15. Rb1
c4 16. dxc4 dxe4 17. Bxe4 Qxa4 18. b4 Bxe4 19. Qxe4 Qc6 20. Qf3 1/2-1/2

[Event "2BLW 1920 DJK Aachen - SG Porz"]
[Site "?"]
[Date "2019.12.08"]
[Round "4.1"]
[White "Lutz, Christopher"]
[Black "Dambacher, Martijn"]
[Result "1-0"]
[WhiteElo "2538"]
[BlackElo "2490"]
[PlyCount "135"]
[EventDate "2019.??.??"]

1. e4 c5 2. Nf3 d6 3. d4 cxd4 4. Nxd4 Nf6 5. Nc3 a6 6. Be2 e5 7. Nb3 Be7 8. O-O
O-O 9. Kh1 b5 10. a4 Bb7 11. axb5 axb5 12. Rxa8 Bxa8 13. f3 b4 14. Nd5 Nxd5 15.
exd5 Nd7 16. c4 bxc3 17. bxc3 Bg5 18. c4 Bxc1 19. Qxc1 Qb6 20. Qc3 Rb8 21. Nd2
f5 22. g3 Qc7 23. Qd3 Rb2 24. Rd1 g6 25. Qa3 Rb8 26. Rb1 Rxb1+ 27. Nxb1 Bb7 28.
Qb4 Ba6 29. Kg2 Kf7 30. Nd2 Nc5 31. Nb3 Nxb3 32. Qxb3 Bc8 33. Qb4 Ke7 34. f4
exf4 35. gxf4 Kf7 36. Qc3 Qe7 37. Bf3 Qf6 38. Qe3 Bd7 39. c5 dxc5 40. Qxc5 Qb2+
41. Kg3 Qf6 42. Qc7 Ke7 43. Qe5+ Kf7 44. h4 h6 45. Be2 Qb6 46. Kg2 Qb4 47. h5
g5 48. fxg5 hxg5 49. h6 Qe4+ 50. Qxe4 fxe4 51. Bh5+ Kf6 52. h7 Kg7 53. Bg6 Bc8
54. d6 Bd7 55. Bxe4 Kh8 56. Kf3 Kg7 57. Ke3 Kh8 58. Kd4 Kg7 59. Ke5 g4 60. Bf5
g3 61. Be4 Bc8 62. Kf4 g2 63. Bxg2 Kxh7 64. Be4+ Kg7 65. Bf5 Bxf5 66. Kxf5 Kf7
67. Ke5 Kf8 68. Kf6 1-0